000
00294nam a22001337a 4500
008
210527b ||||| |||| 00| 0 eng d
041
_a
eng
080
_2
3rd
_a
611
082
_a
611
100
_a
6
101
_a
ANA
245
_a
Basic Physiology and Anatomy
_c
Chaffee,E.E
942
_2
udc
_c
BK
999
_c
57674
_d
57674